Resource Management and Livelihood issues/ (Record no. 203084)

MARC details
000 -LEADER
fixed length control field 00782nam a22002057a 4500
005 - DATE AND TIME OF LATEST TRANSACTION
control field 20240521123119.0
010 ## - LCCN (DPL NO)
LC control number ENG-140407
020 ## - INTERNATIONAL STANDARD BOOK NUMBER
Terms of availability 1195.00
International Standard Book Number 9789392038310
035 ## - SYSTEM CONTROL NUMBER
System control number EN-123939
037 ## - SOURCE OF ACQUISITION
Source of stock number/acquisition DBAD/PUB
082 ## - DEWEY DECIMAL CLASSIFICATION NUMBER
Classification number 338.9
Edition number 1
100 ## - MAIN ENTRY--PERSONAL NAME
Personal name Bora Ashok Kumar
245 ## - TITLE STATEMENT
Title Resource Management and Livelihood issues/
Statement of responsibility, etc Editors BY Ashok Kumar Bora (and) Dibyjyoti Saikia_
Remainder of title Regional and National Perspectives/
250 ## - EDITION STATEMENT
Edition statement 1
260 ## - PUBLICATION, DISTRIBUTION, ETC. (IMPRINT)
Place of publication, distribution, etc EBH Publisher (India)
Name of publisher, distributor, etc an imprint of Easterm, Book House
Date of publication, distribution, etc 2023
270 ## - ADDRESS
Address 136, M.L. Nehru Road Panbazar Guwahati
City Assam (India)
Postal code 781001
Electronic mail address easternbookhouse@gmail.com
300 ## - PHYSICAL DESCRIPTION
Extent xxii, 310p.;
Dimensions 24cm,(hb)
700 ## - ADDED ENTRY--PERSONAL NAME
Personal name Bora, Ashok Kumar (and) Dibyjyoti Saikia
9 (RLIN) 66429
942 ## - ADDED ENTRY ELEMENTS (KOHA)
Source of classification or shelving scheme Dewey Decimal Classification
Item type English Books
Classification part 338.9
Call number suffix RES
Holdings
Withdrawn status Lost status Not for loan Collection code Home library Current library Date acquired Source of acquisition Cost, normal purchase price Full call number Barcode Copy number Cost, replacement price Koha item type
    Not For Loan Reference Central Library Central Library 21/05/2024 DBAD 1995.00 338.9 RES EN-123939 1 1995.00 English Books

© Delhi Public Library
Hit Counter
free hit counter